00443nam a2200121Ia 4500008004100000245004200041245005700083260000900140650003200149856004800181999001900229952007300248171211s9999 xx 000 0 und d 4aThe Francis Ford Coppola Encyclopedia cGene D. Phillips, James M. Welsh, and Rodney F. Hill c2010 xEncyclopedia and Dictionary uhttp://down.ebook777.com/058/0810876507.pdf c350160d350160 001040aCLbCLd2017-12-11l0r2017-12-11 00:00:00w2017-12-11yCBE